000
00284nam a2200109Ia 4500
008
230907s9999||||xx |||||||||||||| ||und||
082
_a
621.43
_b
HEY
245
0
_a
Internal combustion engine fundamentals /
260
_a
McGraw-Hill,
_b
Chennai :
_c
2017
300
_a
930 p.
942
_c
BK
999
_c
600299
_d
600299